Les Desmichels III : Nans le berger
Guardado en:
| Hovedforfatter: | |
|---|---|
| Format: | Bog |
| Sprog: | Undetermined |
| Udgivet: |
Francia
Editions J' Ai Lu
1965
|
| Fag: | |
| Tags: |
Tilføj Tag
Ingen Tags, Vær først til at tagge denne postø!
|
MARC
| LEADER | 00000nam a2200000Ia 4500 | ||
|---|---|---|---|
| 008 | 170316s9999 xx 000 0 und d | ||
| 040 | |a cru BVZT | ||
| 090 | |a 840 M-23.1d | ||
| 100 | |a Monnier, Thyde | ||
| 245 | |a Les Desmichels III : Nans le berger | ||
| 260 | |a Francia | ||
| 260 | |b Editions J' Ai Lu | ||
| 260 | |c 1965 | ||
| 300 | |a 384 páginas | ||
| 650 | |a LITERATURA FRANCESA | ||
| 650 | |a EN IDIOMA FRACÉS | ||
| 650 | |a NOVELA | ||
| 999 | |c 7833 |d 7833 | ||
| 942 | |c 15 D |h 840 M-23.1d |2 z | ||
